Personnage mystère #4 - Statistiques

Statistiques générales
  • Ce quiz a été pris 521 fois
  • Le résultat moyen est 6 sur 7
Statistiques - réponses
Lettres Indices % Correct
SUSO Sous
97%
CRIHE Riche
90%
ELCNO Oncle
82%
SEDNAB - SISEDESEN Bandes-dessinées
80%
DARCAN Canard
79%
EHFICET Fétiche
78%
Nom du personnage Picsou
75%
Aucun quiz correspondant
Distribution des résultats
% des personnes avec chaque résultat
Percentile par nombre de réponses
Votre historique - résultats
Vous n’avez pas pris ce quiz